000 00671nam a2200193Ia 4500
003 GCL
008 140319s9999 xx 000 0 ara d
040 _aGCL /
_cGCL
082 0 4 _aق
_b962.064
_bم ى
100 1 _aموسى ديان
245 1 0 _aيوميات معركة سيناء /
_cموسى ديان
700 1 _aمحمد على عبدالباقى
300 _a319 ص
490 _aالهيئة العامة للاستعلامات
_v0
650 0 4 _aالحروب العربية الاسرائيلية
650 0 4 _aالاعتداء الثلاثى على مصر 1956
650 0 4 _aمصر - تاريخ - العصر الحديث (1805 - 1956 )
942 _2ddc
_cBK
999 _c49911
_d49911